Revision of Sciurus variegatoides, a species of Central American squirrel, (Registro nro. 19436)
[ vista simple ]
| 000 -CABECERA | |
|---|---|
| Campo de control | 00925cam a22002291 4500 |
| 005 - FECHA Y HORA DE LA ULTIMA TRANSACCION | |
| Campo de control | 20170327115845.0 |
| 008 - ELEMENTOS DE LONGITUD FIJA—INFORMACION GENERAL | |
| Campo de control | 751209s1937 miuafb 000 0 eng |
| 040 ## - FUENTE DE CATALOGACIÓN | |
| Agencia catalogadora original | DLC |
| Agencia transcriptora | FMU |
| Agencia Modificadora | DLC |
| -- | CO-BoIAVH |
| 041 0# - IDIOMA | |
| Código de idioma para texto/pista de sonido o título separado | Inglés |
| 044 ## - PAÍS DE PUBLICACIÓN | |
| País de publicación | Estados Unidos |
| 082 04 - NUMERO DE CLASIFICACION DECIMAL DEWEY | |
| Número de clasificación | 599.36 |
| Número del ítem | H31r |
| 100 1# - ASIENTO PRINCIPAL--NOMBRE PERSONAL | |
| Nombre personal | Harris, William Pickett |
| Término relacionado | autor |
| 9 (RLIN) | 80681 |
| 245 10 - MENCION DE TITULO | |
| Título | Revision of Sciurus variegatoides, a species of Central American squirrel, |
| Mención de responsabilidad | por William P. Harris, jr. |
| 260 ## - PUBLICACION, DISTRIBUCION, ETC. (PIE DE IMPRENTA) | |
| Lugar de publicación, distribución, etc. | Ann Arbor, |
| Nombre del editor, distribuidor, etc. | University of Michigan, |
| Fecha de publicación, distribución, etc. | 1937. |
| 300 ## - DESCRIPCION FISICA | |
| Extensión | 39, [1] páginas, 3 placas ; |
| Otros detalles físicos | ilustraciones., placas (algunas a color) ; |
| Dimensiones | 26 x 17 cm. |
| 490 0# - MENCION DE SERIE | |
| Mención de serie | Miscellaneous publications |
| Designación numérica/secuencial del volumen | no. 38 |
| 504 ## - NOTA DE BIBLIOGRAFIA, ETC. | |
| Nota de bibliografía | Incluye referencias bibliográficas: páginas 38-39. |
| 650 24 - ASIENTO SECUNDARIO DE MATERIA - TERMINO TEMATICO | |
| Término temático o nombre geográfico como elemento de entrada | Ardillas |
| Subdivisión geográfica | América Central |
| Subdivisión general | Clasificación |
| 9 (RLIN) | 80683 |
| 650 26 - ASIENTO SECUNDARIO DE MATERIA - TERMINO TEMATICO | |
| Término temático o nombre geográfico como elemento de entrada | Rodentia |
| Subdivisión general | Sciuridae |
| -- | Identificación |
| Subdivisión geográfica | América Central |
| 9 (RLIN) | 80684 |
| 650 26 - ASIENTO SECUNDARIO DE MATERIA - TERMINO TEMATICO | |
| Término temático o nombre geográfico como elemento de entrada | Mamíferos |
| Subdivisión geográfica | América Central |
| 9 (RLIN) | 80685 |
| 942 ## - ELEMENTOS ADICIONALES (KOHA) | |
| Sistema de clasificación | Dewey Decimal Classification |
| Tipo de ítem | Libro |
| Withdrawn status | Lost status | Sistema de Clasificación | Damaged status | No para préstamo | Colección | Inventariado | Ubicación Permanente | Ubicación actual | Fecha de adquisición | Fuente de Valor | Valor | Total Checkouts | Número topográfico | Inventario / Código de Barras | Date last seen | Ejemplar | Price effective from | Forma de adquisición | Tipo de material |
|---|---|---|---|---|---|---|---|---|---|---|---|---|---|---|---|---|---|---|---|
| Dewey Decimal Classification | General | Inventariado 2017 | Bogotá | Bogotá | 27/03/2017 | Amazon | 60000.00 | LB-599.36 H31r | 041049 | 27/03/2017 | Ej. 1 | 27/03/2017 | Donación | Libro |